Catálogo de la Biblioteca Horacio González - Universidad Nacional de General Sarmiento

El tiempo y la sangre (Registro nro. 56878)

Detalles MARC
000 -CABECERA
campo de control de longitud fija 01901nam a22003850a 4500
001 - NÚMERO DE CONTROL
campo de control PT38340
003 - IDENTIFICADOR DEL NÚMERO DE CONTROL
campo de control AR-LpoUNG
005 - FECHA Y HORA DE LA ÚLTIMA TRANSACCIÓN
campo de control 20210202002613.0
008 - DATOS DE LONGITUD FIJA--INFORMACIÓN GENERAL
campo de control de longitud fija 191001s2007||||ag |||||||||||||||||spa d
040 ## - FUENTE DE LA CATALOGACIÓN
Centro catalogador/agencia de origen AR-LpoUNG
Lengua de catalogación spa
Centro/agencia transcriptor AR-LpoUNG
Normas de descripción aacr
041 ## - CÓDIGO DE LENGUA
Código de lengua del texto/banda sonora o título independiente spa
044 ## - CÓDIGO DEL PAÍS DE LA ENTIDAD EDITORA/PRODUCTORA
Código MARC del país ag
082 0# - NÚMERO DE LA CLASIFICACIÓN DECIMAL DEWEY
Número de clasificación 303.64 449tie
100 1# - ENTRADA PRINCIPAL--NOMBRE DE PERSONA
Nombre de persona Almirón, Alejandra
Término indicativo de función/relación dir.
245 13 - MENCIÓN DE TÍTULO
Título El tiempo y la sangre
260 ## - PUBLICACIÓN, DISTRIBUCIÓN, ETC.
Lugar de publicación, distribución, etc. Buenos Aires :
Nombre del editor, distribuidor, etc. Cine Ojo,
Fecha de publicación, distribución, etc. 2007.
505 0# - NOTA DE CONTENIDO CON FORMATO
Nota de contenido con formato Hecha en 2005 en Argentina. Guión: Alejandra Almirón. Producción: Marcelo Céspedes y Carmen Guarini. Cámara: Alejandra Almirón. Sonido: Luciano Bertone. Música: Diego Hobert. Montaje: Alejandra Almirón.
520 ## - SUMARIO, ETC.
Sumario, etc. Sonia Severini es una ex militante de Montoneros. En los '70 militó en la JP en los barrios obreros del partido de Morón. Inicia su viaje al oeste preguntándose qué es lo que quedó de aquella práctica revolucionaria, en el propio territorio donde se ensayó y se fracasó. Piensa que el hoy existe como consecuencia directa del ayer y necesita buscar respuesta. Pero su intención inicial fracasa y encuentra, en cambio, otras cosas: un balance y reclamo inesperados de los hijos de esa generación imbatible: el descubrimiento de que en el oeste casi no quedaron sobrevivientes, por una particular modalidad represiva (a diferencia de otras zonas) y lo más importante: descubre su profunda necesidad de reflexión para poder concluir con la etapa más intensa y trágica de su vida.
650 #4 - PUNTO DE ACCESO ADICIONAL DE MATERIA--TÉRMINO DE MATERIA
Término de materia o nombre geográfico como elemento de entrada ARGENTINA
650 #4 - PUNTO DE ACCESO ADICIONAL DE MATERIA--TÉRMINO DE MATERIA
Término de materia o nombre geográfico como elemento de entrada ASPECTOS POLITICOS
650 #4 - PUNTO DE ACCESO ADICIONAL DE MATERIA--TÉRMINO DE MATERIA
Término de materia o nombre geográfico como elemento de entrada CAMBIO SOCIAL
650 #4 - PUNTO DE ACCESO ADICIONAL DE MATERIA--TÉRMINO DE MATERIA
Término de materia o nombre geográfico como elemento de entrada DICTADURA
650 #4 - PUNTO DE ACCESO ADICIONAL DE MATERIA--TÉRMINO DE MATERIA
Término de materia o nombre geográfico como elemento de entrada GOLPES DE ESTADO
650 #4 - PUNTO DE ACCESO ADICIONAL DE MATERIA--TÉRMINO DE MATERIA
Término de materia o nombre geográfico como elemento de entrada REVOLUCION
651 #4 - PUNTO DE ACCESO ADICIONAL DE MATERIA--NOMBRE GEOGRÁFICO
Nombre geográfico Argentina
653 ## - TÉRMINO DE INDIZACIÓN--NO CONTROLADO
Término no controlado CINE ARGENTINO
653 ## - TÉRMINO DE INDIZACIÓN--NO CONTROLADO
Término no controlado DESAPARECIDOS
653 ## - TÉRMINO DE INDIZACIÓN--NO CONTROLADO
Término no controlado DVD
653 ## - TÉRMINO DE INDIZACIÓN--NO CONTROLADO
Término no controlado MILITANCIA
653 ## - TÉRMINO DE INDIZACIÓN--NO CONTROLADO
Término no controlado REPRESION
653 ## - TÉRMINO DE INDIZACIÓN--NO CONTROLADO
Término no controlado TERRORISMO DE ESTADO
653 ## - TÉRMINO DE INDIZACIÓN--NO CONTROLADO
Término no controlado VIDEOS
905 ## - ELEMENTOS DE DATOS E LOCAL, LDE (RLIN)
a 38340
942 ## - ELEMENTOS DE PUNTO DE ACCESO ADICIONAL (KOHA)
Tipo de ítem Koha Libro
Existencias
Estado de retiro Estado de pérdida Estado dañado No para préstamo Código de colección Localización permanente Ubicación/localización actual Fecha de adquisición Total de préstamos Signatura topográfica completa Código de barras Fecha visto por última vez Precio válido a partir de Tipo de ítem Koha
        Colección Cine Biblioteca Universidad Nacional de General Sarmiento Biblioteca Universidad Nacional de General Sarmiento 02/02/2021   303.64 449tie 00046572 02/02/2021 02/02/2021 Libro
        Colección Cine Biblioteca Universidad Nacional de General Sarmiento Biblioteca Universidad Nacional de General Sarmiento 02/02/2021   303.64 449tie 00046634 02/02/2021 02/02/2021 Libro
        Colección Cine Biblioteca Universidad Nacional de General Sarmiento Biblioteca Universidad Nacional de General Sarmiento 02/02/2021   303.64 449tie 00046635 02/02/2021 02/02/2021 Libro